Countries in Africa where Homosexuality is Illegal - Statistics

General Stats
  • This quiz has been taken 85 times
  • The average score is 29 of 33
Answer Stats
Illegal! Answer % Correct
7 Egypt
99%
21 Nigeria
96%
26 Sudan
96%
30 Tunisia
96%
31 Uganda
96%
1 Algeria
95%
25 South Sudan
93%
32 Zambia
93%
15 Libya
92%
9 Ethiopia
90%
13 Kenya
90%
19 Morocco
90%
34 Zimbabwe
90%
24 Somalia
89%
28 Tanzania
89%
2 Angola
88%
3 Botswana
88%
8 Eritrea
86%
11 Ghana
86%
22 Senegal
86%
10 The Gambia
86%
4 Burundi
84%
16 Malawi
84%
20 Namibia
84%
23 Sierra Leone
84%
5 Cameroon
82%
14 Liberia
82%
17 Mauritania
82%
29 Togo
82%
12 Guinea
81%
6 Comoros
79%
18 Mauritius
79%
27 Swaziland
77%
No matching quizzes found
Score Distribution
Percent of People with Each Score
Percentile by Number Answered
Your Score History
You have not taken this quiz